<?xml version="1.0" encoding="UTF-8"?>
<record
    xmlns:xsi="http://www.w3.org/2001/XMLSchema-instance"
    xsi:schemaLocation="http://www.loc.gov/MARC21/slim http://www.loc.gov/standards/marcxml/schema/MARC21slim.xsd"
    xmlns="http://www.loc.gov/MARC21/slim">

  <leader>01654nam a22003977a 4500</leader>
  <controlfield tag="003">DO-SdBNP</controlfield>
  <controlfield tag="005">20221110085444.0</controlfield>
  <controlfield tag="007">ta</controlfield>
  <controlfield tag="008">220831e2019    |||ao  f     l001 0 spa d</controlfield>
  <datafield tag="020" ind1=" " ind2=" ">
    <subfield code="a">9789945868371</subfield>
  </datafield>
  <datafield tag="040" ind1=" " ind2=" ">
    <subfield code="a">DO-SdBNP</subfield>
    <subfield code="b">spa</subfield>
    <subfield code="c">BNPHU</subfield>
  </datafield>
  <datafield tag="082" ind1=" " ind2="4">
    <subfield code="2">22</subfield>
    <subfield code="a"> 972.9301 </subfield>
    <subfield code="b">G216t</subfield>
  </datafield>
  <datafield tag="100" ind1="1" ind2="1">
    <subfield code="a"> Garc&#xED;a Ar&#xE9;valo, Manuel Antonio</subfield>
    <subfield code="9">59457</subfield>
    <subfield code="d">1948-</subfield>
  </datafield>
  <datafield tag="245" ind1="1" ind2="0">
    <subfield code="a">Ta&#xED;nos, arte y sociedad /</subfield>
    <subfield code="c">Manuel A. Garc&#xED;a Ar&#xE9;valo ; fotograf&#xED;a, V&#xED;ctor Siladi; ilustraci&#xF3;n, Pedro L. D&#xED;az Alvarado; traducci&#xF3;nes de Ana Mart&#xED;nez, G&#xE9;rard Gauge y Delia Blanco; correcci&#xF3;n, Clara Dobarro</subfield>
  </datafield>
  <datafield tag="260" ind1=" " ind2=" ">
    <subfield code="a">Santo Domingo :</subfield>
    <subfield code="b">Banco Popular Dominicano,</subfield>
    <subfield code="c">2019.</subfield>
  </datafield>
  <datafield tag="300" ind1=" " ind2=" ">
    <subfield code="a">451 p. : </subfield>
    <subfield code="b">il.; fot.;</subfield>
    <subfield code="c">32 cm</subfield>
  </datafield>
  <datafield tag="500" ind1=" " ind2=" ">
    <subfield code="a">Dedicatoria a Jos&#xE9; Antonio Caro &#xC5;varez y Marcio Veloz Maggiolo.</subfield>
  </datafield>
  <datafield tag="500" ind1=" " ind2=" ">
    <subfield code="a">Libro en espa&#xF1;ol, ingles y franc&#xE9;s. </subfield>
  </datafield>
  <datafield tag="504" ind1=" " ind2=" ">
    <subfield code="a">Bibliograf&#xED;a p: 440-451</subfield>
  </datafield>
  <datafield tag="590" ind1=" " ind2=" ">
    <subfield code="a">Inventariado, 2022 / SA</subfield>
  </datafield>
  <datafield tag="650" ind1=" " ind2="4">
    <subfield code="9">57271</subfield>
    <subfield code="a">Hitoria</subfield>
    <subfield code="x">Ta&#xED;nos</subfield>
    <subfield code="v">Arte</subfield>
    <subfield code="v">Sociedad</subfield>
    <subfield code="y">Rep&#xFA;blica Dominicana</subfield>
  </datafield>
  <datafield tag="650" ind1=" " ind2="4">
    <subfield code="a">Arte ta&#xED;no</subfield>
    <subfield code="9">82167</subfield>
  </datafield>
  <datafield tag="650" ind1=" " ind2="4">
    <subfield code="9">27491</subfield>
    <subfield code="a">Arte y sociedad</subfield>
    <subfield code="z">Am&#xE9;rica Latina</subfield>
  </datafield>
  <datafield tag="650" ind1=" " ind2="4">
    <subfield code="9">54175</subfield>
    <subfield code="a">Costumbres indigenas</subfield>
    <subfield code="x">Arte</subfield>
  </datafield>
  <datafield tag="650" ind1=" " ind2="4">
    <subfield code="a">Arte precolombino</subfield>
    <subfield code="9">54172</subfield>
  </datafield>
  <datafield tag="651" ind1=" " ind2="1">
    <subfield code="a">Rep&#xFA;blica Dominicana</subfield>
    <subfield code="x">Arqueolog&#xED;a prehisp&#xE1;nica</subfield>
    <subfield code="9">82311</subfield>
  </datafield>
  <datafield tag="700" ind1=" " ind2="1">
    <subfield code="a">Siladi, V&#xED;ctor </subfield>
    <subfield code="e">fot.</subfield>
    <subfield code="9">73802</subfield>
  </datafield>
  <datafield tag="700" ind1=" " ind2="1">
    <subfield code="a">D&#xED;az Alvarado,Pedro L. </subfield>
    <subfield code="e">ilus.</subfield>
    <subfield code="q">Ta&#xED;nas</subfield>
    <subfield code="9">82303</subfield>
  </datafield>
  <datafield tag="700" ind1=" " ind2="1">
    <subfield code="a">Mart&#xED;nez, Ana</subfield>
    <subfield code="e">tr..</subfield>
    <subfield code="9">82304</subfield>
    <subfield code="4">Ingl&#xE9;s</subfield>
  </datafield>
  <datafield tag="700" ind1=" " ind2="1">
    <subfield code="a">Gauge, G&#xE9;rard </subfield>
    <subfield code="e">tr..</subfield>
    <subfield code="9">82305</subfield>
    <subfield code="4">Franc&#xE9;s</subfield>
  </datafield>
  <datafield tag="700" ind1=" " ind2="1">
    <subfield code="a">Blanco, Delia  </subfield>
    <subfield code="e">tr.,</subfield>
    <subfield code="9">82306</subfield>
    <subfield code="4">Franc&#xE9;s</subfield>
  </datafield>
  <datafield tag="700" ind1=" " ind2="1">
    <subfield code="a">Dobarro, Clara </subfield>
    <subfield code="e">corr.</subfield>
    <subfield code="9">34619</subfield>
  </datafield>
  <datafield tag="830" ind1=" " ind2=" ">
    <subfield code="a">Banco Popular Dominicano</subfield>
    <subfield code="9">82307</subfield>
  </datafield>
  <datafield tag="910" ind1=" " ind2=" ">
    <subfield code="a">YLockward</subfield>
  </datafield>
  <datafield tag="942" ind1=" " ind2=" ">
    <subfield code="2">ddc</subfield>
    <subfield code="c">LBS1</subfield>
  </datafield>
  <datafield tag="952" ind1=" " ind2=" ">
    <subfield code="0">0</subfield>
    <subfield code="1">0</subfield>
    <subfield code="2">ddc</subfield>
    <subfield code="5">1</subfield>
    <subfield code="7">0</subfield>
    <subfield code="8">PD</subfield>
    <subfield code="a">BNPHU</subfield>
    <subfield code="b">BNPHU</subfield>
    <subfield code="c">CT</subfield>
    <subfield code="d">2019-12-19</subfield>
    <subfield code="e">Dep&#xF3;sito Legal</subfield>
    <subfield code="o">BNPHU PD 972.9301 G216t</subfield>
    <subfield code="p">2022-3866</subfield>
    <subfield code="r">2022-08-31</subfield>
    <subfield code="w">2022-08-31</subfield>
    <subfield code="y">LBS1</subfield>
  </datafield>
  <datafield tag="952" ind1=" " ind2=" ">
    <subfield code="0">0</subfield>
    <subfield code="1">0</subfield>
    <subfield code="2">ddc</subfield>
    <subfield code="5">1</subfield>
    <subfield code="7">0</subfield>
    <subfield code="8">PD</subfield>
    <subfield code="a">BNPHU</subfield>
    <subfield code="b">BNPHU</subfield>
    <subfield code="c">CT</subfield>
    <subfield code="d">2019-12-19</subfield>
    <subfield code="e">Banco Popular</subfield>
    <subfield code="l">0</subfield>
    <subfield code="o">BNPHU PD 972.9301 G216t</subfield>
    <subfield code="p">2022-5112</subfield>
    <subfield code="r">2022-11-10</subfield>
    <subfield code="t">e. 2</subfield>
    <subfield code="w">2022-08-31</subfield>
    <subfield code="y">LBS1</subfield>
  </datafield>
  <datafield tag="952" ind1=" " ind2=" ">
    <subfield code="0">0</subfield>
    <subfield code="1">0</subfield>
    <subfield code="2">ddc</subfield>
    <subfield code="5">6</subfield>
    <subfield code="7">0</subfield>
    <subfield code="8">DS</subfield>
    <subfield code="a">BNPHU</subfield>
    <subfield code="b">BNPHU</subfield>
    <subfield code="c">CT</subfield>
    <subfield code="d">2019-12-19</subfield>
    <subfield code="e">Banco Popular</subfield>
    <subfield code="l">0</subfield>
    <subfield code="o">BNPHU PD 972.9301 G216t</subfield>
    <subfield code="p">2022-5113</subfield>
    <subfield code="r">2022-11-10</subfield>
    <subfield code="t">e. 3</subfield>
    <subfield code="w">2022-08-31</subfield>
    <subfield code="y">LBS1</subfield>
  </datafield>
  <datafield tag="952" ind1=" " ind2=" ">
    <subfield code="0">0</subfield>
    <subfield code="1">0</subfield>
    <subfield code="2">ddc</subfield>
    <subfield code="5">6</subfield>
    <subfield code="7">0</subfield>
    <subfield code="8">DS</subfield>
    <subfield code="a">BNPHU</subfield>
    <subfield code="b">BNPHU</subfield>
    <subfield code="c">CT</subfield>
    <subfield code="d">2019-12-19</subfield>
    <subfield code="e">Banco Popular</subfield>
    <subfield code="l">0</subfield>
    <subfield code="o">BNPHU PD 972.9301 G216t</subfield>
    <subfield code="p">2022-5114</subfield>
    <subfield code="r">2022-11-10</subfield>
    <subfield code="t">e. 4</subfield>
    <subfield code="w">2022-08-31</subfield>
    <subfield code="y">LBS1</subfield>
  </datafield>
  <datafield tag="952" ind1=" " ind2=" ">
    <subfield code="0">0</subfield>
    <subfield code="1">0</subfield>
    <subfield code="2">ddc</subfield>
    <subfield code="5">6</subfield>
    <subfield code="7">0</subfield>
    <subfield code="8">DS</subfield>
    <subfield code="a">BNPHU</subfield>
    <subfield code="b">BNPHU</subfield>
    <subfield code="c">CT</subfield>
    <subfield code="d">2019-12-19</subfield>
    <subfield code="e">Banco Popular</subfield>
    <subfield code="l">0</subfield>
    <subfield code="o">BNPHU PD 972.9301 G216t</subfield>
    <subfield code="p">2022-5115</subfield>
    <subfield code="r">2022-11-10</subfield>
    <subfield code="t">e. 5</subfield>
    <subfield code="w">2022-08-31</subfield>
    <subfield code="y">LBS1</subfield>
  </datafield>
  <datafield tag="999" ind1=" " ind2=" ">
    <subfield code="c">52351</subfield>
    <subfield code="d">52351</subfield>
  </datafield>
</record>
